|
|
|
|
| LEADER |
00000nab a2200000uu 4500 |
| 001 |
vtls010903073 |
| 003 |
SK-MaSNL |
| 005 |
20260303142435.0 |
| 008 |
230222|1998 xo |||||||||||||||||slo| |
| 015 |
|
|
|a SNBRB
|
| 035 |
|
|
|a (urnnbn)urn:nbn:sk:snk:ar-a07pvh
|
| 035 |
|
|
|a (uuid)3754dc93-e571-4fe4-abec-e493af67aa1b
|
| 035 |
|
|
|a urn:nbn:sk:snk-ab8u6v
|
| 040 |
|
|
|a SNKBUCL
|b slo
|c SNKBUCL
|e AACR2
|
| 041 |
0 |
|
|a slo
|
| 044 |
|
|
|a xo
|c SK
|
| 100 |
1 |
|
|a Žídek, Jaroslav
|4 aut
|9 5526
|
| 245 |
1 |
0 |
|a Strečing v lyžovaní
|c Jaroslav Žídek, Vojtech Štulrajter
|
| 700 |
1 |
|
|a Štulrajter, Vojtech,
|d 1936-2010
|4 aut
|9 198084
|
| 773 |
0 |
|
|t Acta Facultatis Educationis Physicae Universitatis Comenianae
|g Roč. 39, č. 39 (1998), s. 165-170
|
| 954 |
|
|
|a odborná, vedecká literatúra pôvodná (slovenská)
|2 lita
|
| 958 |
|
|
|a OND
|
| 958 |
|
|
|a EUIPO
|
| 958 |
|
|
|a article10
|
| 999 |
|
|
|c 1982935
|d 1984865
|